[Event "31. DSenEM2019 Gruppe 50+"]
[Site "Radebeul"]
[Date "2019.04.27"]
[Round "2.1"]
[White "Belke, Frank, Dr."]
[Black "Schulze, Andreas"]
[Result "1-0"]
[BlackElo "2135"]
[BlackTeam "TG Biberach"]
[WhiteElo "2283"]
[WhiteTeam "Schachclub Hietzing (Wien)"]

1. d4 f5 2. Nc3 Nf6 3. Bg5 d5 4. f3 Nc6 5. Nh3 e6 6. Qd2 Bb4 7. a3 Ba5 8. e3 O-O
9. Be2 a6 10. b4 Bb6 11. f4 Qe8 12. Nf2 Nd8 13. Bxf6 Rxf6 14. g4 c6 15. g5 Rf8
16. Na4 Bc7 17. Nc5 b6 18. Nb3 Nb7 19. O-O Nd6 20. a4 Bd7 21. a5 b5 22. Nc5 Qe7
23. Bf3 Bc8 24. Nfd3 Nc4 25. Qe2 Bd6 26. h4 Ra7 27. Rf2 Kh8 28. Rg2 Rc7 29. Kf2
Ra7 30. Rh1 Bd7 31. c3 Be8 32. Ke1 Ra8 33. Kd1 Ra7 34. Kc1 Ra8 35. Qe1 Ra7 36.
Bd1 Bc7 37. h5 Bd6 38. Bb3 Ra8 39. Qg3 Ra7 40. Bxc4 bxc4 41. Ne5 Bxe5 42. dxe5
Bd7 43. Qe1 Bc8 44. Qd2 Ra8 45. Qd4 Rb8 46. Kc2 Kg8 47. Rb1 Qc7 48. Rf2 Qe7 49.
Na4 Rb5 50. Rbf1 Qc7 51. Nc5 Qe7 52. Rd2 Qc7 53. Kd1 Qe7 54. Ke2 Qc7 55. Kf2
Qe7 56. Ra1 Qc7 57. h6 g6 58. Rdd1 Qe7 59. Qd2 Qc7 60. Qc1 Qa7 61. Rd4 Qe7 62.
Qa3 Qa7 63. Rad1 Qe7 64. R1d2 Qa7 65. Qa2 Qe7 66. Na4 Bd7 67. Nb6 Be8 68. Nc8
Qc7 69. Nd6 Rb8 70. Qa3 Bf7 71. Nxc4 c5 72. bxc5 dxc4 73. Rxc4 Qc6 74. Rd1 Rfd8
75. Rxd8+ Rxd8 76. Rd4 Rxd4 77. cxd4 Be8 78. Qb3 Kf8 79. Qb8 Ke7 80. Qa7+ Bd7
81. Qb8 Qc8 82. Qd6+ Ke8 83. d5 exd5 84. Qf6 Qc6 85. Qh8+ Ke7 86. Qxh7+ Kd8 87.
Qh8+ Kc7 88. Qf6 Qa4 89. Qb6+ Kc8 90. Qxa6+ Kd8 91. h7  1-0

[Event "31. DSenEM2019 Gruppe 50+"]
[Site "Radebeul"]
[Date "2019.04.27"]
[Round "2.2"]
[White "Wenner, Tobias"]
[Black "Nekrasov, Mihail"]
[Result "0-1"]
[BlackElo "2277"]
[BlackTeam "SV Hockenheim"]
[WhiteElo "2108"]
[WhiteTeam "Sges Bensheim"]

1. Nf3 d5 2. c4 d4 3. b4 f6 4. Na3 e5 5. Nc2 Be6 6. d3 a5 7. b5 Nd7 8. g3 Nc5 9.
Bg2 Qd7 10. Ba3 O-O-O 11. Qd2 b6 12. Bxc5 Bxc5 13. O-O-O Ne7 14. Rhe1 c6 15. a4
cxb5 16. axb5 Kb8 17. Kb1 g5 18. Qc1 h5 19. Nd2 Qc7 20. Ne4 Rhf8 21. f4 exf4
22. Nxc5 Qxc5 23. gxf4 Nf5 24. Rf1 g4 25. Qb2 Ne3 26. Nxe3 dxe3 27. f5 Bxf5 28.
Rf4 Bc8 29. Rxf6 Rxf6 30. Qxf6 Rf8 31. Qb2 Rf2 32. Bd5 Qb4 33. Qxb4 axb4 34.
Kb2 Rxe2+ 35. Kb3 Rxh2 36. Re1 e2 37. Kxb4 g3 38. d4 g2 39. c5 Rh1  0-1

[Event "31. DSenEM2019 Gruppe 50+"]
[Site "Radebeul"]
[Date "2019.04.27"]
[Round "2.3"]
[White "Redzepovic, Irfan"]
[Black "Metz, Hartmut"]
[Result "0-1"]
[BlackElo "2251"]
[BlackTeam "SG Kuppenheim"]
[WhiteElo "2075"]
[WhiteTeam "SW Nürnberg Süd"]

1. d4 d5 2. Nf3 Nf6 3. c4 c6 4. Qb3 e6 5. g3 Bd6 6. Bg2 Nbd7 7. Nc3 O-O 8. O-O
b6 9. e4 Nxe4 10. Nxe4 dxe4 11. Ng5 Nf6 12. Nxe4 Nxe4 13. Bxe4 Bb7 14. c5 Be7
15. Rd1 Rc8 16. a4 Ba6 17. a5 bxa5 18. Qc3 Bb5 19. Rxa5 Bxc5 20. Ra1 Bb6 21.
Bf4 Qe7 22. h4 h6 23. Re1 Rfd8 24. Rad1 Bc7 25. Bc1 Bd6 26. Bb1 Bb4 27. Qc2 f5
28. Re5 Bd6 29. Ree1 Qf6 30. Ba2 Re8 31. Qb3 Kf7 32. Bd2 Rb8 33. Qf3 Ba4 34. b3
Bb5 35. Bc3 Qg6 36. b4 Kf8 37. Re3 Rb7 38. h5 Qf7 39. d5 cxd5 40. Rxd5 Bc6 41.
Rxf5 Bxf3 42. Rxf7+ Rxf7  0-1

[Event "31. DSenEM2019 Gruppe 50+"]
[Site "Radebeul"]
[Date "2019.04.27"]
[Round "2.4"]
[White "Mueller, Michael"]
[Black "Valet, Richard"]
[Result "0-1"]
[BlackElo "2051"]
[BlackTeam "Greifswalder SV"]
[WhiteElo "2163"]
[WhiteTeam "SC Viernheim"]

1. d4 Nf6 2. Nf3 g6 3. Bf4 Bg7 4. e3 d6 5. Bc4 O-O 6. h3 c5 7. c3 b6 8. Nbd2 Bb7
9. Qe2 Nc6 10. O-O Qc7 11. e4 Nh5 12. Be3 e5 13. d5 Ne7 14. g4 Nf4 15. Bxf4
exf4 16. Rfe1 Rad8 17. Rad1 Kh8 18. Nb3 h6 19. Qd2 g5 20. e5 dxe5 21. d6 Qc6
22. Be2 Ng6 23. c4 Nh4 24. Qd5 Qxd5 25. cxd5 Nxf3+ 26. Bxf3 Rxd6 27. Rd2 c4 28.
Nc1 b5 29. Ne2 b4 30. a3 a5 31. axb4 axb4 32. Ra1 Ra8 33. Rc1 Ba6 34. Ra1 Rad8
35. Be4 Bf8 36. Kg2 Rb6 37. Ra5 Bd6 38. Kf3 Kg7 39. Bf5 c3 40. bxc3 bxc3 41.
Rc2 Bb4 42. Ra1 Bb7 43. Nxc3 Bxc3 44. Rxc3 Bxd5+ 45. Be4 Bxe4+ 46. Kxe4 Rd2 47.
Kf3 e4+ 48. Kg2 e3 49. Rf1 Rbb2 50. Rc4 Rxf2+ 51. Rxf2 Rxf2+ 52. Kg1 Rf3 53.
Kg2 Rg3+ 54. Kh2 e2 55. Rc1 Rd3 56. Re1 f3 57. Kg3 Rd1  0-1

[Event "31. DSenEM2019 Gruppe 50+"]
[Site "Radebeul"]
[Date "2019.04.27"]
[Round "2.6"]
[White "Loew, Gerald"]
[Black "Wunder, Stefan"]
[Result "1-0"]
[BlackElo "2032"]
[BlackTeam "FC Nordhalben"]
[WhiteElo "2157"]
[WhiteTeam "TSV Bindlach Aktionär"]

1. c4 g6 2. Nc3 Bg7 3. g3 Nf6 4. Bg2 d6 5. d3 O-O 6. Rb1 a5 7. a3 c6 8. e4 Na6
9. Nge2 e5 10. O-O Bg4 11. h3 Be6 12. f4 exf4 13. Nxf4 Qb6+ 14. Kh2 Ng4+ 15.
hxg4 Bxc3 16. Nxe6 fxe6 17. Bf4 Be5 18. g5 Qd4 19. Rf3 Nc5 20. b4 axb4 21. axb4
Bxf4 22. gxf4 Na4 23. Qg1 Qxg1+ 24. Rxg1 Nc3 25. Bh3 e5 26. Be6+ Kh8 27. Rgf1
Ne2 28. fxe5 Rxf3 29. Rxf3 Nd4 30. Rf6 dxe5 31. c5 Nc2 32. b5 cxb5 33. Rf7 Rb8
34. Bd5 Nd4 35. Bxb7 Nf3+ 36. Kh1 Nxg5 37. Re7 Rf8 38. c6 Rf2 39. c7  1-0

[Event "31. DSenEM2019 Gruppe 50+"]
[Site "Radebeul"]
[Date "2019.04.27"]
[Round "2.7"]
[White "Pichler, Manfred"]
[Black "Koehler, Gerhard"]
[Result "0-1"]
[BlackElo "2153"]
[BlackTeam "USV Halle"]
[EventDate "2019.??.??"]
[PlyCount "68"]
[WhiteElo "2017"]
[WhiteTeam "USV Halle"]

1. e4 c5 2. b3 b6 3. Bb2 Bb7 4. Nc3 e6 5. Nf3 d6 6. d4 cxd4 7. Nxd4 a6 8. g3 Nf6
9. Bg2 Nbd7 10. O-O Qc7 11. Qe2 Be7 12. a4 O-O 13. Kh1 Rfe8 14. Rad1 Rac8 15.
f4 g6 16. g4 e5 17. fxe5 dxe5 18. Nf3 Nxg4 19. Bh3 h5 20. Nd2 Ndf6 21. Nc4 Rcd8
22. Bxg4 hxg4 23. Rd3 Rd4 24. Nd2 Red8 25. Rxf6 Bxf6 26. Nd5 R4xd5 27. exd5
Qxc2 28. Ba3 Rxd5 29. Rxd5 Bxd5+ 30. Kg1 Bf3 31. Qf2 Qd1+ 32. Nf1 e4 33. Bb2
Bxb2 34. Qxb2 Be2  0-1

[Event "31. DSenEM2019 Gruppe 50+"]
[Site "Radebeul"]
[Date "2019.04.27"]
[Round "2.8"]
[White "Schatz, Christian"]
[Black "Reitmaier, Adolf"]
[Result "1/2-1/2"]
[BlackElo "1476"]
[BlackTeam "vereinslos"]
[EventDate "2019.??.??"]
[PlyCount "35"]
[WhiteElo "2150"]
[WhiteTeam "SV Würzburg"]

1. Nf3 Nf6 2. d4 e6 3. g3 g6 4. Bg2 Bg7 5. O-O O-O 6. c4 d5 7. Nc3 c6 8. b3 Na6
9. Bb2 Rb8 10. a3 Nc7 11. Qc2 Nd7 12. e4 dxc4 13. bxc4 e5 14. Rad1 exd4 15.
Nxd4 Qe7 16. f3 Nb6 17. Nce2 Qc5 18. e5  1/2-1/2

[Event "31. DSenEM2019 Gruppe 50+"]
[Site "Radebeul"]
[Date "2019.04.27"]
[Round "2.9"]
[White "Bigott, Martin"]
[Black "Terhorst, Jochen"]
[Result "0-1"]
[BlackElo "2165"]
[BlackTeam "SC Wittlich"]
[EventDate "2019.??.??"]
[PlyCount "150"]
[WhiteElo "1782"]
[WhiteTeam "SF Lohmar"]

1. c4 c5 2. g3 g6 3. Bg2 Bg7 4. Nc3 e6 5. e3 Nc6 6. Nge2 Nge7 7. O-O d6 8. d3
O-O 9. Rb1 b6 10. b3 Bb7 11. Bb2 Qd7 12. Qd2 Rad8 13. Rfd1 Ne5 14. e4 f5 15. f4
N5c6 16. Nb5 e5 17. Nbc3 Nd4 18. Nd5 fxe4 19. Bxd4 Nxd5 20. Ba1 exd3 21. fxe5
dxe2 22. Bxd5+ Bxd5 23. Qxd5+ Kh8 24. Re1 Qf5 25. Qg2 Bxe5 26. Bxe5+ dxe5 27.
Qxe2 Rfe8 28. Rf1 Qd3 29. Rbe1 Qxe2 30. Rxe2 Re7 31. Rfe1 Rde8 32. Re4 Kg7 33.
Rf1 Rd7 34. Rfe1 Kf6 35. Rf1+ Kg7 36. Rfe1 Rde7 37. R1e2 Re6 38. Re1 Kf6 39.
Rf1+ Ke7 40. Rfe1 Kd6 41. Rd1+ Kc6 42. a4 Rd6 43. Rde1 Rd3 44. R1e3 Rxe3 45.
Rxe3 e4 46. Kf2 Kd6 47. Re1 Rf8+ 48. Ke2 Rf3 49. Rd1+ Ke6 50. Rb1 a5 51. Rb2
Ke5 52. Rd2 Rxb3 53. Rd7 h5 54. Rd5+ Ke6 55. Rg5 Kf7 56. Re5 Rb4 57. Rxe4 Rxa4
58. Kd3 Ra3+ 59. Kc2 Ra2+ 60. Kb3 Rxh2 61. Rf4+ Kg7 62. Re4 Rf2 63. Re6 Rf6 64.
Re7+ Kh6 65. Ka4 g5 66. Kb5 g4 67. Re8 Kg5 68. Rg8+ Rg6 69. Rh8 Rh6 70. Rd8 Kf5
71. Re8 h4 72. gxh4 g3 73. h5 Kf4 74. Rf8+ Ke3 75. Rg8 Kf2  0-1

[Event "31. DSenEM2019 Gruppe 50+"]
[Site "Radebeul"]
[Date "2019.04.27"]
[Round "2.10"]
[White "Held, Peter"]
[Black "Schoettker, Jochen"]
[Result "1-0"]
[BlackElo "1896"]
[BlackTeam "SC Northeim"]
[EventDate "2019.??.??"]
[PlyCount "91"]
[WhiteElo "2179"]
[WhiteTeam "SC Kreuzberg"]

1. e4 e6 2. d4 d5 3. exd5 exd5 4. Nf3 Nf6 5. Bd3 Bd6 6. Qe2+ Qe7 7. Qxe7+ Bxe7
8. Bf4 c6 9. O-O O-O 10. Re1 Re8 11. Nbd2 Bg4 12. Ne5 Bh5 13. Re3 Bf8 14. Rae1
Rd8 15. h3 Bg6 16. Bxg6 hxg6 17. Nb3 Nbd7 18. Bg5 Re8 19. c3 a5 20. a4 Nb6 21.
Nc5 Bxc5 22. dxc5 Nxa4 23. Bxf6 gxf6 24. Nd7 Red8 25. Re7 Nxb2 26. Rb1 Na4 27.
Rxb7 Rf8 28. Nxf6+ Kg7 29. Nd7 Nxc3 30. Nxf8 Rxf8 31. Ra7 a4 32. Kf1 Ne4 33.
Ra5 Rb8 34. f3 Ng3+ 35. Kf2 Nf5 36. Rc7 Rb2+ 37. Kg1 d4 38. Rd7 Rb4 39. Raa7
Kf6 40. Ra6 Ke6 41. Raa7 Rc4 42. g4 Nh4 43. Kf2 g5 44. Rd6+ Ke5 45. Re7+ Kf4
46. Re4#  1-0

[Event "31. DSenEM2019 Gruppe 50+"]
[Site "Radebeul"]
[Date "2019.04.27"]
[Round "2.11"]
[White "Proschmann, Tino"]
[Black "Kebbedies, Frank"]
[Result "1-0"]
[BlackElo "1740"]
[BlackTeam "Rastede"]
[EventDate "2019.??.??"]
[PlyCount "109"]
[WhiteElo "2116"]
[WhiteTeam "SC Großröhrsdorf"]

1. e4 e5 2. Nf3 Nf6 3. d4 Nxe4 4. Bd3 d5 5. Nxe5 Nd7 6. O-O Bd6 7. Nc3 Nxc3 8.
bxc3 O-O 9. Re1 Qh4 10. g3 Qh3 11. Qf3 Nb6 12. a4 f6 13. Ng6 hxg6 14. a5 Bg4
15. Qh1 Qh5 16. axb6 Bf3 17. Bxg6 Bxh1 18. Bxh5 Be4 19. bxa7 Bxc2 20. Bf4 Bxf4
21. gxf4 g6 22. Bf3 c6 23. Re2 Bd3 24. Rb2 Ba6 25. c4 Bxc4 26. Rxb7 Rf7 27.
Rb8+ Rf8 28. Rb6 Rfc8 29. Rb7 Rf8 30. Bg2 Rf7 31. Rb8+ Rf8 32. Rb6 Rfc8 33. Bf1
Bxf1 34. Kxf1 Kf7 35. Rb7+ Ke6 36. Kg2 Kf5 37. Kf3 c5 38. dxc5 g5 39. fxg5 fxg5
40. Ke3 Ke5 41. Kd3 d4 42. Kc4 d3 43. Re7+ Kf4 44. Rf7+ Kg4 45. Rd7 Rf8 46.
Rxd3 Rxf2 47. Rb3 Rf7 48. Rba3 Rh7 49. R1a2 Kf5 50. Kd5 Rd7+ 51. Kc6 Rh7 52.
Kb6 Ke6 53. c6 Rhh8 54. Re3+ Kf5 55. Re7  1-0

[Event "31. DSenEM2019 Gruppe 50+"]
[Site "Radebeul"]
[Date "2019.04.27"]
[Round "2.12"]
[White "Steinert, Frank"]
[Black "Dehn, Marcus"]
[Result "1/2-1/2"]
[BlackElo "2110"]
[BlackTeam "SV KS Braunschweig"]
[EventDate "2019.??.??"]
[PlyCount "99"]
[WhiteElo "1960"]
[WhiteTeam "SV Dresden-Leuben"]

1. e4 g6 2. d4 Bg7 3. Nc3 c6 4. Be3 d6 5. Be2 b5 6. a3 a6 7. f4 h5 8. Nf3 Nh6 9.
Qd2 Nd7 10. e5 d5 11. e6 fxe6 12. Ne5 Nxe5 13. fxe5 Nf5 14. O-O c5 15. Bd3 cxd4
16. Bxf5 exf5 17. Qxd4 e6 18. h4 Qc7 19. Bf4 Qa7 20. Ne2 Qxd4+ 21. Nxd4 Bd7 22.
c3 Kf7 23. Nf3 Rhc8 24. Ng5+ Kg8 25. g3 Rc4 26. Nf3 a5 27. Nd2 Rc7 28. Nb3 Ra6
29. Rfe1 Rc4 30. Nd2 Rc8 31. Nb3 Kf7 32. Kf2 Rc7 33. Bg5 Bf8 34. Be3 Be7 35.
Bf4 Rc4 36. Nd2 Rxf4+ 37. gxf4 Bxh4+ 38. Ke2 Bxe1 39. Rxe1 b4 40. c4 dxc4 41.
Nxc4 Bc6 42. Nd6+ Kg7 43. Rc1 bxa3 44. bxa3 Rb6 45. Kd3 h4 46. Nc8 Ra6 47. Ne7
Bg2 48. Rc7 g5 49. fxg5 h3 50. Nxf5+  1/2-1/2

[Event "31. DSenEM2019 Gruppe 50+"]
[Site "Radebeul"]
[Date "2019.04.27"]
[Round "2.13"]
[White "Bohnstorff, Michael"]
[Black "Spiess, Thomas"]
[Result "0-1"]
[BlackElo "1965"]
[BlackTeam "SK Ricklingen"]
[EventDate "2019.??.??"]
[PlyCount "38"]
[WhiteElo "2044"]
[WhiteTeam "SC Lüneburg"]

1. d4 d5 2. Nf3 Nf6 3. c3 c5 4. Bf4 Nc6 5. e3 Qb6 6. Qb3 c4 7. Qxb6 axb6 8. Nbd2
Bf5 9. a3 h6 10. Be2 e6 11. Bc7 b5 12. O-O Be7 13. Ne1 b4 14. cxb4 Bxb4 15.
Nef3 Be7 16. Nb1 Ne4 17. Nc3 Nxc3 18. bxc3 Kd7 19. Bg3 Rxa3  0-1

[Event "31. DSenEM2019 Gruppe 50+"]
[Site "Radebeul"]
[Date "2019.04.27"]
[Round "2.14"]
[White "Krien, Hartmut"]
[Black "Pirrot, Dieter"]
[Result "1-0"]
[BlackElo "2334"]
[BlackTeam "SV Hofheim"]
[EventDate "2019.??.??"]
[PlyCount "47"]
[WhiteElo "1853"]
[WhiteTeam "SK Heidenau"]

1. e4 e5 2. Nf3 Nc6 3. Bb5 f5 4. d3 fxe4 5. dxe4 Nf6 6. O-O d6 7. Nc3 Be7 8. Nd5
Nxe4 9. Nxe7 Qxe7 10. Qd5 Nf6 11. Bxc6+ Kd8 12. Bxb7 Rb8 13. Nxe5 Nxd5 14. Nc6+
Kd7 15. Nxb8+ Ke8 16. Bxd5 Qe5 17. c4 Bd7 18. Nc6 Bxc6 19. Bxc6+ Kd8 20. b3 Qc5
21. Ba4 g5 22. Be3 Qf5 23. Rad1 h6 24. c5  1-0

[Event "31. DSenEM2019 Gruppe 50+"]
[Site "Radebeul"]
[Date "2019.04.27"]
[Round "2.15"]
[White "Siggelkow, Axel"]
[Black "Mueller, Rudolf"]
[Result "1-0"]
[BlackElo "2071"]
[BlackTeam "Karlsruher SF"]
[EventDate "2019.??.??"]
[PlyCount "59"]
[WhiteElo "1933"]
[WhiteTeam "BSV Chemie Radebeul"]

1. d4 b6 2. Nf3 e6 3. g3 Bb7 4. Bg2 f5 5. O-O Bd6 6. c4 Nf6 7. Nc3 a6 8. d5 e5
9. e4 fxe4 10. Ng5 O-O 11. Ncxe4 Qe7 12. Qd3 g6 13. Nxf6+ Qxf6 14. Ne4 Qf5 15.
Bh6 Rf7 16. h3 g5 17. Bxg5 Qg6 18. Rad1 a5 19. h4 Na6 20. h5 Qg7 21. Qe3 Bc5
22. Qc1 Bd4 23. b3 Nc5 24. Be3 Nxe4 25. Bxe4 Qg4 26. Bxd4 Qxe4 27. Qg5+ Kf8 28.
Qxe5 Qf3 29. Qh8+ Ke7 30. Rde1+  1-0

[Event "31. DSenEM2019 Gruppe 50+"]
[Site "Radebeul"]
[Date "2019.04.27"]
[Round "2.16"]
[White "Lehr, Thomas"]
[Black "Noldt, Torsten"]
[Result "0-1"]
[BlackElo "2013"]
[BlackTeam "Elmshorner SC"]
[EventDate "2019.??.??"]
[PlyCount "50"]
[WhiteElo "1902"]
[WhiteTeam "Husumer SV"]

1. e4 d6 2. d4 Nf6 3. Nc3 g6 4. Bg5 h6 5. Be3 Bg7 6. f3 c6 7. Qd2 Qc7 8. O-O-O
b5 9. Kb1 Nbd7 10. g4 Bb7 11. h4 O-O-O 12. Nh3 Nb6 13. Qf2 b4 14. Ne2 Nc4 15.
Bc1 Nd7 16. Nef4 Ndb6 17. Ng2 c5 18. d5 Bd4 19. Qe1 e6 20. dxe6 fxe6 21. Nhf4
Qf7 22. Be2 Qf6 23. Nd3 Qg7 24. Nxb4 Bxb2 25. Bxc4 Nxc4  0-1

[Event "31. DSenEM2019 Gruppe 50+"]
[Site "Radebeul"]
[Date "2019.04.27"]
[Round "2.17"]
[White "Steiger, Michael"]
[Black "Kaiser, Sebastian"]
[Result "1/2-1/2"]
[BlackElo "1920"]
[BlackTeam "SC Großröhrsdorf"]
[EventDate "2019.??.??"]
[PlyCount "47"]
[WhiteElo "1982"]
[WhiteTeam "SC Kreuzberg"]

1. c4 c6 2. Nf3 Nf6 3. d4 d5 4. Qc2 g6 5. Bf4 Bf5 6. Qb3 Qb6 7. c5 Qxb3 8. axb3
a6 9. Nc3 Nbd7 10. h3 h6 11. b4 g5 12. Bh2 Rc8 13. Nd2 Bg7 14. Nb3 Ne4 15. Na4
Ra8 16. e3 O-O 17. Na5 Ra7 18. Nb6 Nef6 19. f3 Re8 20. Kd2 Nf8 21. Bd3 Bxd3 22.
Kxd3 Ng6 23. Rhe1 e6 24. Re2  1/2-1/2

[Event "31. DSenEM2019 Gruppe 50+"]
[Site "Radebeul"]
[Date "2019.04.27"]
[Round "2.18"]
[White "Wulff, Jens-Peter"]
[Black "Kierzek, Mira"]
[Result "0-1"]
[BlackElo "1978"]
[BlackTeam "SC Fulda"]
[EventDate "2019.??.??"]
[PlyCount "34"]
[WhiteElo "1809"]
[WhiteTeam "SV Grevesmühlen"]

1. d4 Nf6 2. Nf3 e6 3. Bf4 d5 4. e3 Nbd7 5. Nbd2 c5 6. c3 Qb6 7. Qc2 Bd6 8. Ne5
h6 9. a4 Qc7 10. Be2 Nxe5 11. dxc5 Qxc5 12. Bb5+ Ned7 13. Bxd6 Qxd6 14. O-O-O
a6 15. Be2 Qe7 16. f4 Nc5 17. Bf3 Bd7  0-1

[Event "31. DSenEM2019 Gruppe 50+"]
[Site "Radebeul"]
[Date "2019.04.27"]
[Round "2.19"]
[White "Becker, Michael"]
[Black "Schmidt, Gerhard"]
[Result "1/2-1/2"]
[BlackElo "2077"]
[BlackTeam "SV Kreuztal"]
[EventDate "2019.??.??"]
[PlyCount "134"]
[WhiteElo "2272"]
[WhiteTeam "USV Halle"]

1. e4 c5 2. Nf3 d6 3. d4 cxd4 4. Nxd4 Nf6 5. Nc3 a6 6. g3 e5 7. Nf3 h6 8. Bg2
Be6 9. O-O Qd7 10. Re1 Be7 11. a4 Nc6 12. Nd5 Bd8 13. c3 a5 14. b3 O-O 15. Ba3
Bxd5 16. exd5 Ne7 17. c4 b6 18. Nd2 Re8 19. Qf3 Bc7 20. Re2 Nh7 21. h4 Rf8 22.
Qc3 Qg4 23. Rae1 Rae8 24. Kh2 f5 25. Bh3 Qh5 26. f4 e4 27. Bb2 Rf7 28. Nf1 Rf6
29. Ne3 Qf7 30. Rg2 Kf8 31. Reg1 h5 32. Nc2 Kg8 33. Qe3 Rg6 34. Nd4 Nf8 35. Nb5
Bd8 36. Bd4 Nd7 37. Rb2 Nc5 38. Bf1 Nc8 39. Be2 Rh6 40. Bc3 Bf6 41. Nd4 Ne7 42.
Ra1 Na6 43. Nc2 Ng6 44. Kh3 Nf8 45. b4 axb4 46. Nxb4 Nxb4 47. Rxb4 Nd7 48. Bd4
g6 49. a5 bxa5 50. Rb7 Rh7 51. Rxa5 Bxd4 52. Qxd4 Qf6 53. Qe3 Rhe7 54. Rc7 Nc5
55. Raxc5 dxc5 56. Rxc5 Qa1 57. Kg2 Ra7 58. d6 Rd8 59. Rc7 Ra3 60. Qd2 Ra2 61.
Qd5+ Kh8 62. Kf2 e3+ 63. Kxe3 Qg1+ 64. Kd3 Qb1+ 65. Ke3 Qg1+ 66. Kd3 Qb1+ 67.
Ke3 Qg1+  1/2-1/2

[Event "31. DSenEM2019 Gruppe 50+"]
[Site "Radebeul"]
[Date "2019.04.27"]
[Round "2.20"]
[White "Lauckner, Joerg"]
[Black "Sand, Rosemarie"]
[Result "1-0"]
[BlackElo "1819"]
[BlackTeam "SF Pfullingen"]
[EventDate "2019.??.??"]
[PlyCount "79"]
[WhiteElo "1975"]
[WhiteTeam "SG Leipzig"]

1. d4 Nf6 2. c4 g6 3. g3 Bg7 4. Bg2 d5 5. cxd5 Nxd5 6. e4 Nb6 7. Ne2 O-O 8. O-O
c6 9. Nbc3 N8d7 10. Qc2 e5 11. Rd1 exd4 12. Nxd4 Qe7 13. b3 Re8 14. Be3 Ne5 15.
h3 f6 16. f4 Nf7 17. Bf2 Bd7 18. a4 Rad8 19. a5 Nc8 20. Nde2 h5 21. Na4 Be6 22.
Nc5 f5 23. Nxe6 Qxe6 24. e5 Bf8 25. Nd4 Qe7 26. Rdc1 Qb4 27. Ra4 Qe7 28. g4
Rxd4 29. Rxd4 Qe6 30. gxf5 gxf5 31. Rd3 Bh6 32. Qc4 Qxc4 33. Rxc4 Ne7 34. Rd7
Ng6 35. Rxb7 Bxf4 36. Bxc6 Rd8 37. Rd4 Rxd4 38. Bxd4 Bxe5 39. Bxe5 Ngxe5 40.
Bd5  1-0

[Event "31. DSenEM2019 Gruppe 50+"]
[Site "Radebeul"]
[Date "2019.04.27"]
[Round "2.21"]
[White "Gerks, Joachim"]
[Black "Seils, Ralf"]
[Result "1/2-1/2"]
[BlackElo "1954"]
[BlackTeam "SF Nordost Berlin"]
[EventDate "2019.??.??"]
[PlyCount "27"]
[WhiteElo "1777"]
[WhiteTeam "SK Norderstedt"]

1. e4 c5 2. Nc3 Nc6 3. g3 Nf6 4. Bg2 e6 5. Nge2 d5 6. exd5 exd5 7. d4 Be6 8. O-O
Be7 9. h3 O-O 10. Be3 cxd4 11. Nxd4 a6 12. Kh2 Rc8 13. Nce2 Qc7 14. c3  1/2-1/2

[Event "31. DSenEM2019 Gruppe 50+"]
[Site "Radebeul"]
[Date "2019.04.27"]
[Round "2.22"]
[White "Wagner, Bernd"]
[Black "John, Bernd"]
[Result "1-0"]
[BlackElo "1796"]
[BlackTeam "SC Sonthofen"]
[EventDate "2019.??.??"]
[PlyCount "49"]
[WhiteElo "1948"]
[WhiteTeam "Aufbau Bernburg"]

1. d4 Nf6 2. Nf3 e6 3. Bf4 b6 4. e3 Bb7 5. Nbd2 Be7 6. Bd3 d6 7. Qe2 Nbd7 8. c3
Nh5 9. Bg3 Nxg3 10. hxg3 h6 11. e4 e5 12. dxe5 Nxe5 13. Nxe5 dxe5 14. O-O-O Bg5
15. Kb1 Qe7 16. Qg4 Qc5 17. f4 Bf6 18. Bc2 Bc8 19. Qe2 Be6 20. Ba4+ Ke7 21. f5
Bxa2+ 22. Kxa2 b5 23. Qxb5 Qxb5 24. Bxb5 Rhd8 25. Nc4  1-0

[Event "31. DSenEM2019 Gruppe 50+"]
[Site "Radebeul"]
[Date "2019.04.27"]
[Round "2.23"]
[White "Weser, Dietmar"]
[Black "Noack, Mario"]
[Result "0-1"]
[BlackElo "1944"]
[BlackTeam "SC Großröhrsdorf"]
[EventDate "2019.??.??"]
[PlyCount "79"]
[WhiteElo "1566"]
[WhiteTeam "SV Traktor Priestewitz"]

1. c4 c5 2. Nf3 g6 3. e3 Bg7 4. Be2 e6 5. O-O Ne7 6. Nc3 Nbc6 7. a3 O-O 8. Rb1
d5 9. cxd5 Nxd5 10. Nxd5 exd5 11. d3 b5 12. e4 Re8 13. Re1 a6 14. Bf4 dxe4 15.
dxe4 Qxd1 16. Bxd1 Bb7 17. Bc2 Rad8 18. h3 Nd4 19. Nxd4 Bxd4 20. Bh6 f6 21. b3
Kf7 22. Bf4 Re7 23. Kf1 g5 24. Bg3 h5 25. Re2 h4 26. Bh2 Bc8 27. f3 Be6 28. e5
fxe5 29. Bxe5 Bxe5 30. Rxe5 Bc4+ 31. bxc4 Rxe5 32. cxb5 axb5 33. Rxb5 Ke6 34.
Rb6+ Kd5 35. a4 Kd4 36. a5 c4 37. a6 Ra5 38. Rg6 Kc3 39. Be4 Ra1+ 40. Kf2  0-1